| 000 | 00685nam a2200205 a 4500 | ||
|---|---|---|---|
| 001 | 000034250 | ||
| 005 | 20200930070914.0 | ||
| 008 | 110929s2004 dr ac 000 0 spa d | ||
| 020 | _a8477371393 | ||
| 040 |
_aDO-SdBNP _bspa _cBNPHU |
||
| 100 | 1 |
_aPomar Rodil, Pablo Javier _959667 |
|
| 245 | 1 | 0 |
_aJerez : _bguía artística y monumental / _cPablo Javier Pomar Rodil, Miguel Ángel Mariscal Rodríguez. |
| 246 | 1 | 0 | _aGuía artística y monumental |
| 260 |
_aMadrid : _bSílex, _c2004. |
||
| 300 |
_a254 P. : _bil., retrs. ; _c26 cm. |
||
| 504 | _aBibliografía : p.253-254 | ||
| 500 | _aTextos a dos columnas | ||
| 700 | 1 |
_aMariscal Rodríguez, Miguel Ángel _959668 |
|
| 049 | _aBNPD | ||
| 999 |
_c33741 _d33741 |
||